| 000 | 00618nam a2200193Ia 4500 | ||
|---|---|---|---|
| 003 | IN-BaIIA | ||
| 008 | 211028s9999 xx 000 0 eng d | ||
| 020 | _a978-1-4020-2470-2 | ||
| 040 | _cIIA Library | ||
| 080 |
_a52(082.1) _bASS-308 |
||
| 245 | 0 |
_aSupermassive black holes in the distant universe _cedited by Amy J. Barger |
|
| 260 |
_aDordrecht _bKluwer Academic _c2004 |
||
| 300 | _ax, 298p. | ||
| 490 | _aAstrophysics and space science library; v. 308 | ||
| 650 |
_aAstronomy _980 |
||
| 650 |
_aBlack holes _97728 |
||
| 700 |
_aBarger, Amy J., ed. _929333 |
||
| 942 | _cBK | ||
| 999 |
_c15908 _d15908 |
||